<?xml version="1.0" encoding="UTF-8"?>
<record
    xmlns:xsi="http://www.w3.org/2001/XMLSchema-instance"
    xsi:schemaLocation="http://www.loc.gov/MARC21/slim http://www.loc.gov/standards/marcxml/schema/MARC21slim.xsd"
    xmlns="http://www.loc.gov/MARC21/slim">

  <leader>01719njm a2200373Ia 4500</leader>
  <controlfield tag="001">99509</controlfield>
  <controlfield tag="003">IT-RoPAU</controlfield>
  <controlfield tag="005">20220918181153.0</controlfield>
  <controlfield tag="008">131025s9999    xx            000 0 und d</controlfield>
  <datafield tag="040" ind1=" " ind2=" ">
    <subfield code="a">IT-RoPAU</subfield>
  </datafield>
  <datafield tag="040" ind1=" " ind2=" ">
    <subfield code="c">IT-RoPAU</subfield>
  </datafield>
  <datafield tag="999" ind1=" " ind2=" ">
    <subfield code="c">102349</subfield>
    <subfield code="d">102349</subfield>
  </datafield>
  <datafield tag="999" ind1=" " ind2=" ">
    <subfield code="b">n.d.</subfield>
  </datafield>
  <datafield tag="100" ind1=" " ind2=" ">
    <subfield code="a">AA.VV.</subfield>
    <subfield code="9">794</subfield>
  </datafield>
  <datafield tag="100" ind1=" " ind2=" ">
    <subfield code="e">Autore musica</subfield>
    <subfield code="9">27741</subfield>
  </datafield>
  <datafield tag="100" ind1=" " ind2=" ">
    <subfield code="g">Codice autore musica SPICS: 12000</subfield>
    <subfield code="9">796</subfield>
  </datafield>
  <datafield tag="245" ind1=" " ind2=" ">
    <subfield code="a">William Tell &amp; Other Favorite Overtures</subfield>
  </datafield>
  <datafield tag="250" ind1=" " ind2=" ">
    <subfield code="a">1a ed.</subfield>
  </datafield>
  <datafield tag="260" ind1=" " ind2=" ">
    <subfield code="a">AUSTRIA</subfield>
  </datafield>
  <datafield tag="260" ind1=" " ind2=" ">
    <subfield code="b">TELARC</subfield>
    <subfield code="c">1986 [1a Ed.:1986]</subfield>
  </datafield>
  <datafield tag="300" ind1=" " ind2=" ">
    <subfield code="a">COMPACT DISC</subfield>
  </datafield>
  <datafield tag="300" ind1=" " ind2=" ">
    <subfield code="c">63 minuti (Testo: 0 pag.)</subfield>
  </datafield>
  <datafield tag="500" ind1=" " ind2=" ">
    <subfield code="a">Musica classica. Arrangiamento di celebri sinfonie</subfield>
  </datafield>
  <datafield tag="505" ind1=" " ind2=" ">
    <subfield code="a">Light Cavalry (7:00) - Fra Diavolo (8:00) - Zampa (9:00) - Poet and Peasant (11:00) - Donna Diana (7:00) - Orpheus In the Underworld (7:00) - William Tell (13:00)</subfield>
  </datafield>
  <datafield tag="511" ind1=" " ind2=" ">
    <subfield code="a">Cincinnati Pops Orchestra</subfield>
  </datafield>
  <datafield tag="650" ind1=" " ind2=" ">
    <subfield code="a">SINFONIE [COMPACT DISC]</subfield>
    <subfield code="e">Codice MATERIA SPICS: 9949</subfield>
    <subfield code="9">27742</subfield>
  </datafield>
  <datafield tag="700" ind1=" " ind2=" ">
    <subfield code="a">Kunzel Erich</subfield>
    <subfield code="g">Codice interprete SPICS: 34123</subfield>
    <subfield code="e">Interprete</subfield>
    <subfield code="9">27743</subfield>
  </datafield>
  <datafield tag="700" ind1=" " ind2=" ">
    <subfield code="a">Supp&#xE9; Franz Von</subfield>
    <subfield code="g">Codice autore musica SPICS: 8215</subfield>
    <subfield code="e">Autore musica</subfield>
    <subfield code="p">Light Cavalry - Poet and Peasant</subfield>
    <subfield code="9">27744</subfield>
  </datafield>
  <datafield tag="700" ind1=" " ind2=" ">
    <subfield code="a">Auber Daniel Francois Esprit</subfield>
    <subfield code="g">Codice autore musica SPICS: 7860</subfield>
    <subfield code="e">Autore musica</subfield>
    <subfield code="p">Fra Diavolo</subfield>
    <subfield code="9">27745</subfield>
  </datafield>
  <datafield tag="700" ind1=" " ind2=" ">
    <subfield code="a">Herold Louis</subfield>
    <subfield code="g">Codice autore musica SPICS: 13809</subfield>
    <subfield code="e">Autore musica</subfield>
    <subfield code="p">Zampa</subfield>
    <subfield code="9">27746</subfield>
  </datafield>
  <datafield tag="700" ind1=" " ind2=" ">
    <subfield code="a">Reznicek Emil Nikolaus Von</subfield>
    <subfield code="g">Codice autore musica SPICS: 13780</subfield>
    <subfield code="e">Autore musica</subfield>
    <subfield code="p">Donna Diana</subfield>
    <subfield code="9">27747</subfield>
  </datafield>
  <datafield tag="700" ind1=" " ind2=" ">
    <subfield code="a">Offenbach Jacques</subfield>
    <subfield code="g">Codice autore musica SPICS: 11045</subfield>
    <subfield code="e">Autore musica</subfield>
    <subfield code="p">Orpheus In the Underworld</subfield>
    <subfield code="9">27748</subfield>
  </datafield>
  <datafield tag="700" ind1=" " ind2=" ">
    <subfield code="a">Rossini Gioachino</subfield>
    <subfield code="g">Codice autore musica SPICS: 11125</subfield>
    <subfield code="e">Autore musica</subfield>
    <subfield code="p">William Tell</subfield>
    <subfield code="9">27749</subfield>
  </datafield>
  <datafield tag="942" ind1=" " ind2=" ">
    <subfield code="c">CD</subfield>
    <subfield code="2">ddc</subfield>
  </datafield>
  <datafield tag="952" ind1=" " ind2=" ">
    <subfield code="0">0</subfield>
    <subfield code="1">0</subfield>
    <subfield code="4">0</subfield>
    <subfield code="6">99509_000000000000000</subfield>
    <subfield code="7">1</subfield>
    <subfield code="a">SPICS</subfield>
    <subfield code="b">SPICS</subfield>
    <subfield code="d">2013-10-25</subfield>
    <subfield code="l">0</subfield>
    <subfield code="o">99509</subfield>
    <subfield code="r">2013-10-25 00:00:00</subfield>
    <subfield code="w">2013-10-25</subfield>
    <subfield code="y">CD</subfield>
    <subfield code="z">Progr. Ins.: 22336 / N.Vol.: 1 / Copie: 1 - Copia rara: n.d. / date import: 01.01.2014 - By Epidotti, Trombetti, Vaglietti</subfield>
  </datafield>
</record>
